Аттестация-аккредитация дисциплин на кафедре МАХП СТИ ТПУ; Проблемы и практика инженерного образования. Высшее техническое образование: Качество и интернационализация

Λεπτομέρειες βιβλιογραφικής εγγραφής
Parent link:Проблемы и практика инженерного образования. Высшее техническое образование: Качество и интернационализация.— 2000.— С. 117
Κύριος συγγραφέας: Зарипова Л. Ф.
Άλλοι συγγραφείς: Пищулин В. П., Сваровский А. Я.
Γλώσσα:Ρωσικά
Έκδοση: 2000
Θέματα:
Μορφή: Κεφάλαιο βιβλίου
KOHA link:https://koha.lib.tpu.ru/cgi-bin/koha/opac-detail.pl?biblionumber=74556

MARC

LEADER 00000naa2a2200000 4500
001 74556
005 20231031085442.0
035 |a (RuTPU)RU\TPU\book\79521 
090 |a 74556 
100 |a 20050309d2000 k y0rusy50 ca 
101 0 |a rus 
102 |a RU 
200 1 |a Аттестация-аккредитация дисциплин на кафедре МАХП СТИ ТПУ  |f Л. Ф. Зарипова, В. П. Пищулин, А. Я. Сваровский 
463 1 |0 (RuTPU)RU\TPU\book\14603  |t Проблемы и практика инженерного образования. Высшее техническое образование: Качество и интернационализация  |o труды IV Международной научно-практической конференции, 14-17 марта 2000 г., г. Томск  |f Томский политехнический университет  |v С. 117  |d 2000  |p 190 с. 
610 1 |a аттестация 
610 1 |a аккредитация дисциплин 
610 1 |a учебные дисциплины 
610 1 |a образовательные технологии 
610 1 |a кафедры 
610 1 |a Северский технологический институт 
610 1 |a труды учёных ТПУ 
610 1 |a инженеры 
610 1 |a подготовка 
700 1 |a Зарипова  |b Л. Ф. 
701 1 |a Пищулин  |b В. П. 
701 1 |a Сваровский  |b А. Я. 
801 1 |a RU  |b 63413507  |c 20050309  |g PSBO 
801 2 |a RU  |b 63413507  |c 20211119  |g RCR 
942 |c BK